Woody Harrelson Filmography - Statistics

General Stats
  • This quiz has been taken 338 times
    65 since last reset
  • The average score is 19 of 153
Answer Stats
Type Year Name % Correct
Film 2009 Zombieland
71%
Film 2013 Now You See Me
68%
Film 2016 Now You See Me 2
64%
Film 1992 White Men Can't Jump
64%
Film 2012 The Hunger Games
57%
Film 2014 The Hunger Games: Mockingjay - Part 1
57%
Film 2015 The Hunger Games: Mockingjay - Part 2
57%
Film 2019 Zombieland: Double Tap
57%
TV Show 1989-2023 Saturday Night Live
50%
Film 2013 The Hunger Games: Catching Fire
50%
TV Show 1985-1993 Cheers
46%
Film 1993 Indecent Proposal
43%
Film 2025 Now You See Me: Now You Don't
43%
Film 2018 Venom
43%
Film 1994 Natural Born Killers
39%
Film 2021 Venom: Let There Be Carnage
39%
TV Show 1999 Frasier
36%
Film 2017 Three Billboards Outside Ebbing, Missouri
36%
TV Show 2014 True Detective
36%
Film 1996 Kingpin
32%
Film 1996 The People vs. Larry Flynt
32%
Film 2017 War for the Planet of the Apes
32%
Film 2007 No Country for Old Men
29%
Film 1999 Austin Powers: The Spy Who Shagged Me
25%
Film 1999 EDtv
25%
Film 2011 Friends with Benefits
25%
Film 2022 Triangle of Sadness
25%
Film 2023 Champions
21%
Film 1991 Doc Hollywood
21%
Film 1995 Money Train
21%
Film 2018 Solo: A Star Wars Story
21%
Film 2009 The Messenger
21%
TV Show 1994 The Simpsons
21%
Film 1998 The Thin Red Line
21%
Film 1986 Wildcats
21%
Film 2009 2012
18%
Film 1990 L.A. Story
18%
Film 2017 LBJ
18%
Film 2008 Semi-Pro
18%
Film 2008 Seven Pounds
18%
Film 1994 The Cowboy Way
18%
Film 2016 The Edge of Seventeen
18%
Film 2019 The Highwaymen
18%
Film 1997 Wag the Dog
18%
Film 2003 Anger Management
14%
Film 2019 Midway
14%
Film 1999 Play It to the Bone
14%
Film 2011 Rampart
14%
Film 2012 Seven Psychopaths
14%
TV Show 2021 Curb Your Enthusiasm
11%
Film 2009 Defendor
11%
Film 1978 Harper Valley P.T.A.
11%
Film 2025 Last Breath
11%
Film 2005 North Country
11%
Film 1998 Palmetto
11%
Film 1989 She's Having a Baby
11%
Film 1996 Sunchaser
11%
Film 1991 Ted & Venus
11%
Film 1997 Welcome to Sarajevo
11%
TV Show 2001 Will & Grace
11%
Film 2004 After the Sunset
7%
Film 2025 Animal Farm
7%
Film 2006 A Scanner Darkly
7%
Film 1989 Cool Blue
7%
Film 2024 Fly Me to the Moon
7%
Film 2013 Free Birds
7%
Film 1994 I'll Do Anything
7%
Film 2017 Lost in London
7%
Film 2013 Out of the Furnace
7%
Film 2008 Surfer, Dude
7%
Film 2025 The Electric State
7%
Film 2017 The Glass Castle
7%
Film 1998 The Hi-Lo Country
7%
Film 2021 | 2022 The Man from Toronto
7%
Film 2008 Transsiberian
7%
Film 2016 Triple 9
7%
Film 1998 Welcome to Hollywood
7%
TV Mini-Series 2023 White House Plumbers
7%
Film 2006 A Prairie Home Companion
4%
TV Film 1987 Bay Cove
4%
Film 2011 Bunraku
4%
Documentary 2023 Common Ground
4%
TV Special 2013 David Blaine: Real or Magic
4%
Film 2025 Ella McCay
4%
Film 2006 Free Jimmy
4%
Documentary 1999 Grass
4%
Film 2021 Kate
4%
Film 2008 Management
4%
Documentary 2007 Nanking
4%
Film 2003 Scorched
4%
Film 2004 She Hate Me
4%
TV Special 2025 SNL50: The Anniversary Special
4%
Film 2024 Suncoast
4%
Film 2005 The Big White
4%
Film 2016 The Duel
4%
Film 2007 The Grand
4%
Theater 2005-2006 The Night of the Iguana
4%
Theater 1999-2000 The Rainmaker
4%
Film 2007 The Walker
4%
Podcast 2024-Present Where Everybody Knows Your Name
4%
Film 2017 Wilson
4%
Film 2001 American Saint
0%
TV Special 1994 A Salute to Michael Jordan
0%
Film 2007 Battle in Seattle
0%
Theater 1985-1986 Biloxi Blues
0%
Web Series TBA Brother from Another Mother
0%
Stage Director 2012 Bullet for Adolf
0%
TV Special 1990 Comedy Club All-Star 4 with Woody Harrelson
0%
Short Film 2021 Costco Exposed: Undercover Investigation
0%
TV Show 1989 Dear John
0%
Documentary 2021 Dear Rider: The Jake Burton Story
0%
TV Show 1998 Ellen
0%
Documentary 2011 Ethos
0%
Documentary Series 2000, 2004, 2006, 2008 E! True Hollywood Story
0%
Documentary 2005 Every Twenty One Seconds
0%
TV Special 1993 For Our Children: The Concert
0%
TV Special 1992 Free to Laugh: A Comedy and Music Special for Amnesty International
0%
Documentary 2008 Fuel
0%
TV Film 2012 Game Change
0%
Film 2024 Girl from the North Country
0%
Documentary 2003 Go Further
0%
Documentary 2013 How to Make Money Selling Drugs
0%
Documentary 1997 I Think I Cannes
0%
Documentary 2019 Jim Allison: Breakthrough
0%
TV Special 1989 Kenny Rogers - Classic Weekend
0%
TV Film 1988 Killer Instinct
0%
Documentary 2020 Kiss the Ground
0%
TV Special 2019 Live in Front of a Studio Audience
0%
Documentary 2023 Long Story Short: Willie Nelson 90
0%
TV Documentary 2011 Method to the Madness of Jerry Lewis
0%
TV Special 1988 Mickey's 60th Birthday
0%
TV Special 1998 Monty Python's Flying Circus: Live at Aspen
0%
TV Film 1990 Mother Goose: Rock 'n' Rhyme
0%
Theater 2002 On an Average Day
0%
TV Documentary 2002 Reel Radicals: The Sixties Revolution in Film
0%
Commercial 2024-2025 Salesforce
0%
Film 2017 Shock and Awe
0%
Film 2008 Sleepwalking
0%
TV Show 1996 Spin City
0%
Documentary 2010 Sundance Skippy
0%
Play 1987-1988 The Boys Next Door
0%
TV Special 1990 The Earth Day Special
0%
Web Series 2020-2023 The Freak Brothers
0%
Theater 2000 The Late Henry Moss
0%
Documentary 2005 The Outsider
0%
Film 2005 The Prize Winner of Defiance, Ohio
0%
TV Special 2003 The Three Stooges 75th Anniversary Special
0%
TV Show 1986-1992 The Tonight Show Starring Johnny Carson
0%
Theater 2023-2024 Ulster American
0%
TV Show 1990 Walt Disney's Wonderful World of Color
0%
Music Video 1991 Wilbury Twist
0%
TV Special 2023 Willie Nelson's 90th Birthday Celebration
0%
No matching quizzes found
Score Distribution
Percent of People with Each Score
Percentile by Number Answered
Your Score History
You have not taken this quiz since the last reset